| 000 | 00489 a2200169 4500 | ||
|---|---|---|---|
| 003 | Nust | ||
| 005 | 20170207171536.0 | ||
| 040 | _cNust | ||
| 082 | _a005.8 | ||
| 100 | _aAwais, Muhammad. (MSIS-10) | ||
| 245 |
_aDesign and Implementation of Scalable Ethnic Threats Archive With Customized Signatures Generation Competence _cMuhammad Awais |
||
| 260 |
_arawalpindi _bMCS,NUST _cMay, 2015 |
||
| 300 | _axi,102p. | ||
| 538 | _aAlmirah No.70 Shelf No.65 | ||
| 650 | _aPG Thesis | ||
| 651 | _aMSIS-10 | ||
| 942 | _cTHS | ||
| 999 |
_c217266 _d217266 |
||